| 000 | 01008cam a2200253 4500 | ||
|---|---|---|---|
| 008 | 090401t1997 xxu||||| |||| 00| 0 eng d | ||
| 020 | _a0117534013 | ||
| 035 | _a(Sirsi) u82873 | ||
| 041 | _aeng | ||
| 050 | _a711.14 | ||
| 110 |
_aUnited Kingdom _bDepartment of the Environment, Transport and the Regions _93507 |
||
| 245 | 4 | _aThe operation of compulsory purchase orders: land use, minerals, land instability and waste planning research programme. | |
| 260 |
_aLondon _bStationery Office _c1997 |
||
| 300 | _a150p. ; 30cm. | ||
| 350 | _a32 | ||
| 520 | _aStudy commissioned by the DoE from the Property Management and Valuation Department within the City University Business School. | ||
| 650 | _aCOMPENSATION | ||
| 650 | _aCOMPULSORY PURCHASE ORDERS | ||
| 650 |
_aCompulsory purchase _96228 |
||
| 690 | _aENVIRONMENTAL AND LAND CONSULTANCY-PLANNING AND DEVELOPMENT-COMPULSORY PURCHASE AND COMPENSATION | ||
| 710 |
_aCity University Business School _91363 |
||
| 942 | _n0 | ||
| 948 | _c23/12/1997 | ||
| 999 |
_c96842 _d96842 |
||